[Event "FRA-ch op-C"]
[Site "Aix les Bains"]
[Date "2003.08.27"]
[Round "8"]
[White "Buinier, Manuel"]
[Black "Bugnet, Jean Francois"]
[Result "0-1"]
[WhiteElo "1580"]
[BlackElo "1700"]
[PlyCount "64"]
[EventDate "2003.08.19"]
[EventType "swiss"]
[EventRounds "9"]
[EventCountry "FRA"]
[SourceTitle "EXT 2004"]
[Source "ChessBase"]
[SourceDate "2003.11.25"]
[SourceVersion "1"]
[SourceVersionDate "2003.11.25"]
[SourceQuality "1"]

1. e4 e5 2. Nf3 Nc6 3. Bb5 Bc5 4. c3 Nf6 5. Bd3 0-0 6. 0-0 d5 7. exd5 Qxd5 8. Be2 e4 9. b4 exf3 10. Bxf3 Bxf2+ 11. Rxf2 Qd6 12. d4 Be6 13. b5 Na5 14. Ba3 Qb6 15. Bxf8 Rxf8 16. a4 Nc4 17. Na3 Nxa3 18. Rxa3 Nd5 19. Bxd5 Bxd5 20. Qe1 c6 21. Rb2 cxb5 22. axb5 a6 23. Qe5 Bc4 24. Qc5 Qe6 25. Qe5 Qh6 26. Ra1 Bxb5 27. c4 Re8 28. Qg3 Bxc4 29. Rxb7 Qd2 30. Rd7 h6 31. Qf3 Re1+ 32. Rxe1 Qxe1+ 0-1

[Event "FRA-ch op-C"]
[Site "Aix les Bains"]
[Date "2003.08.21"]
[Round "3"]
[White "Kulczak, Anemone"]
[Black "Bugnet, Jean Francois"]
[Result "0-1"]
[WhiteElo "1570"]
[BlackElo "1700"]
[PlyCount "76"]
[EventDate "2003.08.19"]
[EventType "swiss"]
[EventRounds "9"]
[EventCountry "FRA"]
[SourceTitle "EXT 2004"]
[Source "ChessBase"]
[SourceDate "2003.11.25"]
[SourceVersion "1"]
[SourceVersionDate "2003.11.25"]
[SourceQuality "1"]

1. d4 d5 2. e4 dxe4 3. Nc3 Nf6 4. f3 e3 5. Bxe3 e6 6. Bc4 Be7 7. Nge2 Nd5 8. Qd2 Nxe3 9. Qxe3 Nd7 10. 0-0 0-0 11. Ne4 b6 12. Nf4 Nf6 13. Nxf6+ Bxf6 14. Ne2 Bb7 15. c3 Bd5 16. Bd3 Re8 17. f4 Bb7 18. Qh3 g6 19. g4 Qd5 20. Ng3 Bxd4+ 21. cxd4 Qxd4+ 22. Rf2 Qxd3 23. Re1 Rad8 24. Ref1 Bc8 25. Rf3 Qd4+ 26. R3f2 Qe3 27. Qg2 Rd2 28. Ne4 Rxf2 29. Nf6+ Kh8 30. Rxf2 Rd8 31. h4 Rd2 32. g5 Rxb2 33. Ng4 Qe1+ 34. Kh2 Rxf2 35. Nxf2 Qd2 36. Kg1 Qc1+ 37. Kh2 Qxf4+ 38. Kg1 Kg7 0-1